|
|
|
|
| LEADER |
00672nam a2200229 a 4500 |
| 001 |
000027911 |
| 003 |
CZ BrMZK |
| 005 |
19950707143423.0 |
| 008 |
950707s1993 xr f cze d |
| 020 |
|
|
|a 80-85285-38-X
|
| 040 |
|
|
|a BOA001
|b cze
|
| 080 |
|
|
|a 655.1/.3(437)
|2 MRF
|
| 100 |
1 |
|
|a Dyrynk, Karel,
|d 1876-1949
|7 jk01030270
|
| 245 |
1 |
0 |
|a Typograf o knihách
|
| 250 |
|
|
|a 3.vyd.
|
| 260 |
|
|
|a Praha :
|b Kentaur,
|c 1993
|
| 300 |
|
|
|a 366 s.
|
| 910 |
|
|
|a BOA001
|b PK-0120.407
|
| 964 |
|
|
|a Typografie - studie
|
| 964 |
|
|
|a Knihy - úpravy grafické - studie
|
| 990 |
|
|
|a BK
|
| 996 |
7 |
|
|b 3119994040
|c PK-0120.407
|l MZK
|r Sklad / do 1 hodiny
|n 27
|w 000027911
|u 000010
|a 1
|e BOA001
|j MZK50
|s A
|